000 00778nam a2200253 i 4500
003 DO-SdBNP
005 20231116092833.0
007 ta
008 110301s2022 dr 000 0 spa d
020 _a9789945222302
040 _aDO-SdBNP
_bspa
_cBNPHU
_erda
082 4 _bP259
_222
100 1 _aParra, Lizzy,
_953018
_qLisbet Margarita Plata Parra
_eautora
245 1 0 _aUn libro para cansados /
_cLizzy Parra
264 _aSanto Domingo :
_bBúho,
_c2022.
300 _a183 p.áginas :
_c21 cm.
336 _2rdacontent
_atexto
_btxt
337 _2rdamedia
_asin mediación
_bn
338 _2rdacarrier
_avolumen
_bnc
500 _aIncluye datos biográficos de la autora en la contracubierta
590 _aInventariado, 2022/ YL
910 _aYLockward
942 _2ddc
_cLBS1
999 _c52922
_d52922